| 000 | 01185cam a2200325 a 4500 | ||
|---|---|---|---|
| 003 | CO-ViMGA | ||
| 005 | 20230915233126.0 | ||
| 008 | 980924s1997 mx ab r 00110 spa d | ||
| 020 | _a9789706863317 | ||
| 040 |
_aCO-ViMGA _bspa _cCO-ViMGA |
||
| 041 | 1 | _heng | |
| 043 |
_ae------ _ae-gr--- |
||
| 082 | 0 | 4 |
_a901 S64c _219 ed. |
| 100 | 1 |
_aSpielvogel, Jackson J. _92839 |
|
| 245 | 1 | 0 |
_aCivilizaciones de occidente / _cJackson J. Spielvogel ; Traducción Demetrio Garmendia Guerrero ; Revisión técnica y copyedición Carlos Varo y Gonzalo. |
| 250 | _a5a.ed. | ||
| 260 |
_aMéxico : _bInternational Thomson, _c2003. |
||
| 300 |
_a2 v. : _bil., maps. ; _c27 cm. |
||
| 504 | _aIncluye bibliografías e índices. | ||
| 505 | 0 | _av.1 Hasta 1500. -- v.2 Desde 1500. | |
| 534 |
_pTítulo original. : _tWestern civilization, Vol.A. |
||
| 650 | 1 | 4 |
_aCivilización latina. _92842 |
| 650 | 1 | 4 |
_aCivilización _x Historia. _92840 |
| 650 | 1 | 4 |
_aHelenismo. _92843 |
| 650 | 6 |
_aCivilización griega. _92841 |
|
| 651 |
_aEuropa _x Civilización _x Historia. _92844 |
||
| 700 | 1 |
_aGarmendia Guerrero, Demetrio, _etr. _92845 |
|
| 700 | 1 |
_aVaro y Gonzalo, Carlos. _92846 |
|
| 942 |
_2ddc _cBK |
||
| 999 |
_c10361 _d10361 |
||